Co-Operative Principles and Accounting (Record no. 6037)

MARC details
005 - DATE AND TIME OF LATEST TRANSACTION
control field 20250628135050.0
020 ## - INTERNATIONAL STANDARD BOOK NUMBER
International Standard Book Number 9976-78-007-9
100 ## - MAIN ENTRY--PERSONAL NAME
Author name Mwangamila, A.G
245 ## - TITLE STATEMENT
Title Co-Operative Principles and Accounting
260 ## - PUBLICATION, DISTRIBUTION, ETC.
Place of publication, distribution, etc. Dar es Salaam
Name of publisher, distributor, etc. Tanzania Printing Services Limited
Date of publication, distribution, etc. 2000
300 ## - PHYSICAL DESCRIPTION
Extent xii, 145p.: ill; tables
Other physical details Bibliography & Footnotes
Dimensions 26cm
942 ## - ADDED ENTRY ELEMENTS (KOHA)
Source of classification or shelving scheme Dewey Decimal Classification
Koha item type Books
Holdings
Date last seen Total checkouts Full call number Barcode Cost, replacement price Price effective from Koha item type Lost status Source of classification or shelving scheme Damaged status Not for loan Withdrawn status Home library Current library Shelving location Date acquired Source of acquisition Cost, normal purchase price
06/28/2025   657.45 MWA MBY000219 24000.00 06/28/2025 Books   Dewey Decimal Classification       CBE MBEYA CBE MBEYA Special Reserve Collection 06/22/2022 PURCHASE 8000.00
06/28/2025   657.45 MWA MBY000793 24000.00 06/28/2025 Books   Dewey Decimal Classification       CBE MBEYA CBE MBEYA General Collection 06/22/2022 PURCHASE 8000.00